[Event "WJCC U20 Girls 2019"]
[Site "New Delhi"]
[Date "2019.10.24"]
[Round "10.22"]
[White "Meghna, C H"]
[Black "Mrudul Dehankar"]
[Result "1/2-1/2"]
[WhiteElo "1956"]
[BlackElo "2227"]
[Annotator "NA"]
[PlyCount "138"]
[EventDate "2019.10.15"]
[EventType "swiss"]
[EventCountry "IND"]
[SourceTitle "playchess.com"]
[Source "ChessBase"]
[SourceQuality "1"]
[TimeControl "40/5400+30:1800+30"]

1. e4 {[%emt 0:00:00]} c5 {[%emt 0:00:00]} 2. Nf3 {[%emt 0:00:04]} d6 {[%emt 0:00:00]} 3. d4 {[%emt 0:00:04]} cxd4 {[%emt 0:00:00]} 4. Nxd4 {[%emt 0:00:04]} Nf6 {[%emt 0:00:00]} 5. Nc3 {[%emt 0:00:07]} a6 {[%emt 0:00:04]} 6. f4 {[%emt 0:00:47]} Qc7 {[%emt 0:02:15]} 7. a4 {[%emt 0:04:55]} e6 {[%emt 0:01:24]} 8. Be2 {[%emt 0:01:51]} Be7 {[%emt 0:00:53]} 9. O-O {[%emt 0:01:17]} Nbd7 {[%emt 0:00:24]} 10. Bf3 {[%emt 0:01:31]} O-O {[%emt 0:01:24]} 11. Kh1 {[%emt 0:01:18] B84: Sicilian Scheveningen: 6 Be2 a6, lines without early Be3} Nb6 {[%emt 0:13:15]} 12. g4 {[%emt 0:19:43]} ({Predecessor:} 12. Qe1 $146 e5 13. Nf5 Bxf5 14. exf5 Rfe8 15. g4 e4 16. Nxe4 Qxc2 17. Qc3 Rac8 18. Qxc2 Rxc2 {0-1 (58) Hou,Y (2617)-Dzagnidze,N (2545) Geneve 2013}) 12... Nfd7 {[%emt 0:17:34]} 13. g5 {[%emt 0:09:49]} Re8 {[%emt 0:19:41]} 14. Bg2 {[%emt 0:04:56]} Bf8 {[%emt 0:06:16]} 15. Qe1 {[%emt 0:18:52]} e5 {[%emt 0:12:21]} 16. Nde2 {[%emt 0:12:23]} exf4 {[%emt 0:04:20]} 17. Nxf4 {[%emt 0:00:05]} Nc5 {[%emt 0:05:39]} 18. a5 {[%emt 0:03:02]} Nc4 {[%emt 0:00:52]} 19. Nfd5 {[%emt 0:03:00]} Qd8 {[%emt 0:02:23]} 20. Qg3 {[%emt 0:02:51]} Be6 {[%emt 0:03:11]} 21. b3 {[%emt 0:03:18]} Ne5 {[%emt 0:00:33]} 22. Bb2 {[%emt 0:00:58]} Rc8 {[%emt 0:01:24]} 23. Rad1 {[%emt 0:01:53]} Ncd7 {[%emt 0:04:07]} 24. b4 {[%emt 0:01:37]} Rc4 {[%emt 0:02:24]} 25. Ne3 {[%emt 0:02:43]} Rc6 {[%emt 0:01:05]} 26. Ba1 {[%emt 0:02:40]} b6 {[%emt 0:00:52]} 27. axb6 {[%emt 0:00:58]} Nxb6 {[%emt 0:00:27]} 28. Ne2 {[%emt 0:00:41]} Qc8 {[%emt 0:00:36]} 29. Nd4 {[%emt 0:01:14]} Rc7 {[%emt 0:00:30]} 30. Nef5 {[%emt 0:01:02]} Bc4 {[%emt 0:00:19]} 31. Rf2 {[%emt 0:00:17]} Nbd7 {[%emt 0:00:39]} 32. Rfd2 {[%emt 0:00:43]} Qb7 {[%emt 0:00:32]} 33. c3 {[%emt 0:00:51]} Ra8 {[%emt 0:00:27]} 34. Nc2 {[%emt 0:00:46]} Bb3 {[%emt 0:00:30]} 35. Rb1 {[%emt 0:00:09]} Ba4 {[%emt 0:00:27]} 36. Nce3 {[%emt 0:00:15]} Bc6 {[%emt 0:00:36]} 37. Qf4 {[%emt 0:00:29]} Ng6 {[%emt 0:00:26]} 38. Qf2 {[%emt 0:01:09]} Bxe4 {[%emt 0:00:36]} 39. Nd5 {[%emt 0:00:17]} Rc4 {[%emt 0:00:26]} 40. Bxe4 {[%emt 0:00:27]} Rxe4 {[%emt 0:00:03]} 41. Qf3 {[%emt 0:14:05]} Rae8 {[%emt 0:03:01]} 42. Rf1 {[%emt 0:00:42]} Kh8 {[%emt 0:09:02]} 43. Ng3 {[%emt 0:07:39]} Re1 {[%emt 0:04:08]} 44. Qxf7 {[%emt 0:00:44]} Rxf1+ {[%emt 0:02:28]} 45. Qxf1 {[%emt 0:01:48]} Nb6 {[%emt 0:05:30]} 46. c4 {[%emt 0:01:37]} Rc8 {[%emt 0:04:43]} 47. Kg1 {[%emt 0:04:22]} Nxc4 {[%emt 0:01:23]} 48. Rd1 {[%emt 0:00:01]} Nce5 {[%emt 0:01:40]} 49. Qe2 {[%emt 0:00:42]} Qc6 {[%emt 0:02:27]} 50. Nf1 {[%emt 0:02:27]} Re8 {[%emt 0:01:09]} 51. Nfe3 {[%emt 0:00:19]} Qc8 {[%emt 0:00:27]} 52. Rf1 {[%emt 0:01:46]} Qd8 {[%emt 0:00:28]} 53. Qg2 {[%emt 0:00:17]} Be7 {[%emt 0:00:32]} 54. Nxe7 {[%emt 0:00:48]} Qxe7 {[%emt 0:00:04]} 55. Nf5 {[%emt 0:00:18]} Qd8 {[%emt 0:00:26]} 56. Bd4 {[%emt 0:00:40]} Rf8 {[%emt 0:00:47]} 57. Qg3 {[%emt 0:00:35]} Qd7 {[%emt 0:00:42]} 58. Ne3 {[%emt 0:00:30]} Rxf1+ 59. Nxf1 {[%emt 0:00:31]} Qb7 {[%emt 0:00:31]} 60. Bxe5 {[%emt 0:00:16]} dxe5 61. Qd3 {[%emt 0:00:43]} Qxb4 {[%emt 0:01:31]} 62. Qxa6 {[%emt 0:00:21]} Qd4+ {[%emt 0:00:26]} 63. Kh1 {[%emt 0:00:08]} Qe4+ {[%emt 0:00:30]} 64. Kg1 {[%emt 0:00:01]} h6 {[%emt 0:00:33]} 65. gxh6 {[%emt 0:00:28]} Qd4+ {[%emt 0:00:22]} 66. Kh1 {[%emt 0:00:05]} Qe4+ {[%emt 0:00:08]} 67. Kg1 {[%emt 0:00:01]} Qd4+ {[%emt 0:00:57]} 68. Kh1 {[%emt 0:00:01]} Qd5+ {[%emt 0:00:01]} 69. Kg1 {[%emt 0:00:07]} Qd4+ {[%emt 0:00:29]} 1/2-1/2

[Event "WJCC U20 Girls 2019"]
[Site "New Delhi"]
[Date "2019.10.24"]
[Round "10.23"]
[White "Pychova, Nela"]
[Black "Fretel, Liza"]
[Result "1-0"]
[WhiteElo "2178"]
[BlackElo "1877"]
[Annotator "NA"]
[PlyCount "192"]
[EventDate "2019.10.15"]
[EventType "swiss"]
[EventCountry "IND"]
[SourceTitle "playchess.com"]
[Source "ChessBase"]
[SourceQuality "1"]
[TimeControl "40/5400+30:1800+30"]

1. e4 {[%emt 0:00:00]} c5 {[%emt 0:00:00]} 2. Nc3 {[%emt 0:00:00]} Nc6 {[%emt 0:00:05]} 3. Bb5 {[%emt 0:00:00]} Na5 {[%emt 0:01:27]} 4. a4 {[%emt 0:25:58]} a6 {[%emt 0:00:46]} 5. Be2 {[%emt 0:00:34]} e6 {[%emt 0:02:34]} 6. Nf3 {[%emt 0:05:46]} Qc7 {[%emt 0:02:48]} 7. O-O {[%emt 0:01:45]} Nf6 {[%emt 0:01:44]} 8. Re1 {[%emt 0:00:39]} d6 {[%emt 0:01:23]} 9. Bf1 {[%emt 0:03:31]} Be7 {[%emt 0:01:05]} 10. b3 {[%emt 0:06:29]} O-O {[%emt 0:01:54]} 11. Ba3 {[%emt 0:01:32]} Nc6 {[%emt 0:05:16]} 12. d3 {[%emt 0:19:20]} b6 {[%emt 0:04:00]} 13. Qd2 {[%emt 0:00:37]} Bb7 {[%emt 0:01:52]} 14. h3 {[%emt 0:03:09]} Rac8 {[%emt 0:01:47]} 15. Ne2 {[%emt 0:06:20]} d5 {[%emt 0:04:12]} 16. exd5 {[%emt 0:06:52]} Nxd5 {[%emt 0:00:09]} 17. Bb2 {[%emt 0:00:28]} Bf6 {[%emt 0:09:06]} 18. Bxf6 {[%emt 0:00:11]} Nxf6 {[%emt 0:00:43]} 19. Ng3 {[%emt 0:01:17]} Nd4 {[%emt 0:04:41]} 20. Ne5 {[%emt 0:03:18]} Nd7 {[%emt 0:02:22]} 21. Nxd7 {[%emt 0:01:24]} Qxd7 {[%emt 0:00:03]} 22. Rab1 {[%emt 0:00:25]} Bd5 {[%emt 0:03:42]} 23. Ne2 {[%emt 0:02:29]} e5 {[%emt 0:02:58]} 24. Nc3 {[%emt 0:04:02]} Rfe8 {[%emt 0:07:15]} 25. Nxd5 {[%emt 0:00:22]} Qxd5 {[%emt 0:00:03]} 26. Qd1 {[%emt 0:00:56]} a5 {[%emt 0:05:28]} 27. c3 {[%emt 0:00:39]} Ne6 {[%emt 0:02:04]} 28. g3 {[%emt 0:00:32]} Qd6 {[%emt 0:05:08]} 29. Qe2 {[%emt 0:00:54]} Nc7 {[%emt 0:01:42]} 30. Qe4 {[%emt 0:00:37]} Rcd8 {[%emt 0:01:32]} 31. Rbd1 {[%emt 0:00:41]} Nd5 {[%emt 0:01:09]} 32. Qc4 {[%emt 0:00:45]} Kf8 {[%emt 0:02:40]} 33. Bg2 {[%emt 0:00:16]} f5 {[%emt 0:02:31]} 34. Bxd5 {[%emt 0:04:12]} Qxd5 {[%emt 0:00:05]} 35. Qxd5 {[%emt 0:00:26]} Rxd5 {[%emt 0:00:04]} 36. Kf1 {[%emt 0:00:46]} Red8 {[%emt 0:01:10]} 37. Ke2 {[%emt 0:00:19]} Kf7 {[%emt 0:00:45]} 38. Rg1 {[%emt 0:00:50]} R8d6 {[%emt 0:05:36]} 39. h4 {[%emt 0:00:30]} h6 {[%emt 0:01:27]} 40. Rh1 {[%emt 0:00:29]} Re6 {[%emt 0:02:23]} 41. Ke3 {[%emt 0:15:24]} Kf6 {[%emt 0:01:39]} 42. Ke2 {[%emt 0:03:24]} Rd7 {[%emt 0:02:36]} 43. Ke3 {[%emt 0:03:40]} Red6 {[%emt 0:01:12]} 44. Ke2 {[%emt 0:00:44]} Rb7 {[%emt 0:00:10]} 45. Ra1 {[%emt 0:02:26]} g6 {[%emt 0:02:37]} 46. Rhg1 {[%emt 0:01:31]} h5 {[%emt 0:02:22]} 47. Rgf1 {[%emt 0:01:56]} Rd8 {[%emt 0:00:36]} 48. Rfe1 {[%emt 0:01:21]} f4 {[%emt 0:01:28]} 49. Rg1 {[%emt 0:02:58]} Rbd7 {[%emt 0:01:18]} 50. gxf4 {[%emt 0:00:39]} exf4 {[%emt 0:00:14]} 51. Rad1 {[%emt 0:00:11]} Rd5 {[%emt 0:00:59]} 52. Rh1 {[%emt 0:01:06]} Rf5 {[%emt 0:02:22]} 53. Kf3 {[%emt 0:00:15]} Rfd5 {[%emt 0:00:12]} 54. Ke2 {[%emt 0:00:59]} g5 {[%emt 0:02:08]} 55. hxg5+ {[%emt 0:00:09]} Rxg5 {[%emt 0:01:23]} 56. Kf3 {[%emt 0:00:43]} Rf5 {[%emt 0:02:19]} 57. d4 {[%emt 0:01:04]} cxd4 {[%emt 0:03:31]} 58. Rxd4 {[%emt 0:00:14]} Rxd4 {[%emt 0:04:36]} 59. cxd4 {[%emt 0:00:22]} b5 {[%emt 0:02:25]} 60. axb5 {[%emt 0:00:55]} Rxb5 {[%emt 0:00:10]} 61. Kxf4 {[%emt 0:00:22]} Rf5+ {[%emt 0:01:46]} 62. Ke3 {[%emt 0:00:36]} Rb5 {[%emt 0:00:12]} 63. Ke4 {[%emt 0:00:27]} Ke6 {[%emt 0:00:15]} 64. Rh3 {[%emt 0:00:24]} Rf5 {[%emt 0:02:50]} 65. f4 {[%emt 0:00:23]} Rb5 {[%emt 0:00:18]} 66. Rc3 {[%emt 0:00:44]} h4 {[%emt 0:01:27]} 67. Rc6+ {[%emt 0:00:30]} Ke7 {[%emt 0:00:14]} 68. Rh6 {[%emt 0:00:30]} Rxb3 {[%emt 0:00:04]} 69. Rxh4 {[%emt 0:00:06]} Rb5 {[%emt 0:00:53]} 70. Rh7+ {[%emt 0:00:26]} Ke6 {[%emt 0:00:54]} 71. d5+ {[%emt 0:00:58]} Kd6 {[%emt 0:00:07]} 72. Rh6+ {[%emt 0:00:07]} Ke7 {[%emt 0:00:49]} 73. Ke5 {[%emt 0:00:11]} Rb1 {[%emt 0:00:57]} 74. Rh7+ {[%emt 0:00:09]} Kd8 {[%emt 0:00:50]} 75. Ke6 {[%emt 0:00:20]} Re1+ {[%emt 0:01:35]} 76. Kd6 {[%emt 0:00:09]} Kc8 {[%emt 0:00:09]} 77. Rh8+ {[%emt 0:01:15]} Kb7 {[%emt 0:00:03]} 78. f5 {[%emt 0:01:05]} Rf1 {[%emt 0:00:33]} 79. Ke6 {[%emt 0:00:22]} Re1+ {[%emt 0:00:07]} 80. Kf6 {[%emt 0:00:50]} Rd1 {[%emt 0:00:31]} 81. Ke6 {[%emt 0:00:19]} Re1+ {[%emt 0:00:17]} 82. Kf7 {[%emt 0:00:22]} a4 {[%emt 0:04:42]} 83. d6 {[%emt 0:00:54]} Kc6 {[%emt 0:00:52]} 84. Ra8 {[%emt 0:00:25]} Ra1 {[%emt 0:00:23]} 85. Ra6+ {[%emt 0:00:38]} Kd7 {[%emt 0:00:08]} 86. f6 {[%emt 0:00:26]} a3 {[%emt 0:00:44]} 87. Ra7+ {[%emt 0:00:34]} Kxd6 {[%emt 0:00:08]} 88. Ke8 {[%emt 0:00:29]} Re1+ {[%emt 0:01:42]} 89. Kd8 {[%emt 0:00:35]} Rf1 {[%emt 0:00:17]} 90. Ra6+ {[%emt 0:00:19]} Ke5 {[%emt 0:00:10]} 91. Ke7 {[%emt 0:00:15]} Rb1 {[%emt 0:04:34]} 92. Ra5+ {[%emt 0:00:19]} Kf4 {[%emt 0:02:02]} 93. f7 {[%emt 0:00:15]} Rb7+ {[%emt 0:00:14]} 94. Kf6 {[%emt 0:00:12]} Rb8 {[%emt 0:00:47]} 95. Kg7 {[%emt 0:00:12]} Rb7 {[%emt 0:00:29]} 96. Kg8 {[%emt 0:00:10]} Ke4 1-0

[Event "WJCC U20 Girls 2019"]
[Site "New Delhi"]
[Date "2019.10.24"]
[Round "10.24"]
[White "Harshita Guddanti"]
[Black "Toshali, V."]
[Result "1-0"]
[WhiteElo "2123"]
[BlackElo "1868"]
[Annotator "TA"]
[PlyCount "57"]
[EventDate "2019.10.15"]
[EventType "swiss"]
[EventCountry "IND"]
[SourceTitle "playchess.com"]
[Source "ChessBase"]
[SourceQuality "1"]

1. e4 Nc6 2. d4 d6 3. d5 Ne5 4. f4 Nd7 5. Nf3 Nc5 6. Nc3 c6 7. Be3 Qa5 8. Qd4 Nd7 9. Bd2 Qb6 10. O-O-O Ngf6 11. e5 Nxd5 12. Nxd5 cxd5 13. exd6 Qxd4 14. Nxd4 e6 15. f5 Nf6 16. Bb5+ Bd7 17. fxe6 fxe6 18. Nxe6 Bxb5 19. Nc7+ Kd7 20. Nxb5 Bxd6 21. Bc3 Be7 22. Bxf6 Bxf6 23. Rxd5+ Kc6 24. Rhd1 b6 25. a4 a6 26. Rd6+ Kb7 27. Rd7+ Kc8 28. Na7+ Kb8 29. Nc6+ 1-0

[Event "WJCC U20 Girls 2019"]
[Site "New Delhi"]
[Date "2019.10.24"]
[Round "10.25"]
[White "Rindhiya V"]
[Black "Afraoui, Anaelle"]
[Result "0-1"]
[WhiteElo "1817"]
[BlackElo "2106"]
[Annotator "NA"]
[PlyCount "148"]
[EventDate "2019.10.15"]
[EventType "swiss"]
[EventCountry "IND"]
[SourceTitle "playchess.com"]
[Source "ChessBase"]
[SourceQuality "1"]

1. e4 c5 2. c3 Nf6 3. e5 Nd5 4. d4 cxd4 5. Nf3 Nc6 6. cxd4 d6 7. Bc4 dxe5 8. dxe5 Ndb4 9. Qb3 e6 10. O-O Na5 11. Bb5+ Bd7 12. Qa4 Bxb5 13. Qxb5+ Nac6 14. Nc3 a6 15. Qc4 Qd3 16. Qh4 Be7 17. Qg3 Qg6 18. Qxg6 hxg6 19. Rd1 Rd8 20. Rxd8+ Bxd8 21. Ne4 Bc7 22. Bf4 O-O 23. Rd1 Rd8 24. Rxd8+ Nxd8 25. Bg5 Ndc6 26. a3 Nd3 27. Nd6 b5 28. b3 Ncxe5 29. Nxe5 Nxe5 30. Nb7 Nd7 31. h3 Kf8 32. Kf1 f6 33. Be3 Ke7 34. Ke2 e5 35. Kd3 f5 36. g3 Ke6 37. Kc3 a5 38. Kd3 Kd5 39. b4 axb4 40. axb4 e4+ 41. Kc3 Be5+ 42. Kb3 Bf6 43. h4 Ne5 44. Nc5 Ng4 45. Nd7 Bd8 46. Bc5 g5 47. h5 Nf6 48. Nxf6+ Bxf6 49. Bf8 f4 50. gxf4 gxf4 51. Kc2 Kc4 52. Kd2 Kd4 53. Bc5+ Ke5 54. Ke2 f3+ 55. Kf1 Kf5 56. Be3 Bg5 57. Bd4 Bh6 58. Ke1 Kg4 59. Bc5 Kxh5 60. Bf8 g5 61. Be7 Kg6 62. Bd6 Kf5 63. Kf1 g4 64. Ke1 Bf4 65. Bc5 g3 66. fxg3 Bxg3+ 67. Kf1 Ke5 68. Bb6 Kd5 69. Ba7 Kc4 70. Bc5 Kd3 71. Bb6 e3 72. Bxe3 Kxe3 73. Kg1 f2+ 74. Kf1 Bd6 0-1

[Event "WJCC U20 Girls 2019"]
[Site "New Delhi"]
[Date "2019.10.24"]
[Round "10.26"]
[White "Bauyrzhan, Arnash"]
[Black "Bakshi, Rutuja"]
[Result "1-0"]
[WhiteElo "2075"]
[BlackElo "2029"]
[Annotator "NA RC"]
[PlyCount "75"]
[EventDate "2019.10.15"]
[EventType "swiss"]
[EventCountry "IND"]
[SourceTitle "playchess.com"]
[Source "ChessBase"]
[SourceQuality "1"]

1. e4 e6 2. d4 d5 3. Nd2 a6 4. Ngf3 c5 5. dxc5 Bxc5 6. Bd3 Nf6 7. O-O Nc6 8. e5 Ng4 9. Nb3 Ba7 10. Bf4 Qc7 11. h3 Ngxe5 12. Nxe5 Nxe5 13. Qh5 Bb8 14. Bg3 g6 15. Qh6 f5 16. Rae1 Nf7 17. Qg7 Qe7 18. Bxb8 Rxb8 19. c4 Qf8 20. Qd4 Qd6 21. cxd5 e5 22. f4 e4 23. Qg7 Qf8 24. Qf6 Qd6 25. Qg7 Qf8 26. Qd4 Qd6 27. Nd2 b5 28. Bxe4 O-O 29. Bf3 Rd8 30. Nb3 b4 31. Re3 Rb5 32. Rfe1 Kf8 33. Nd2 Bb7 34. Nc4 Qc5 35. Qf6 Bxd5 36. Bxd5 Qxd5 37. Ne5 Rb7 38. Nxf7 1-0

[Event "WJCC U20 Girls 2019"]
[Site "New Delhi"]
[Date "2019.10.24"]
[Round "10.27"]
[White "Eesha Ajay Sarda"]
[Black "Nomindalai Tumurbaatar"]
[Result "1-0"]
[WhiteElo "1744"]
[BlackElo "2061"]
[Annotator "NA"]
[PlyCount "109"]
[EventDate "2019.10.15"]
[EventType "swiss"]
[EventCountry "IND"]
[SourceTitle "playchess.com"]
[Source "ChessBase"]
[SourceQuality "1"]

1. e4 d6 2. d4 Nf6 3. Nc3 e5 4. Nf3 Nbd7 5. Bc4 Be7 6. O-O O-O 7. Re1 c6 8. a4 a5 9. h3 Qc7 10. Be3 exd4 11. Nxd4 Nc5 12. Qf3 Be6 13. Nxe6 Nxe6 14. Rad1 Rae8 15. Ne2 Nd7 16. Nd4 Nxd4 17. Bxd4 Bf6 18. Qd3 Rd8 19. Re3 Be5 20. Qb3 Bxd4 21. Rxd4 Nc5 22. Qa3 b6 23. b3 Rfe8 24. Qc1 Kh8 25. Qd1 Re7 26. Re2 h6 27. f3 Nb7 28. Ba6 Nc5 29. Bc4 Nb7 30. Ba6 Nc5 31. Bc4 b5 32. axb5 cxb5 33. Bd5 Rde8 34. g4 Nd7 35. Kg2 Ne5 36. Kg3 Qd8 37. f4 Ng6 38. Bc6 Rf8 39. Rxd6 Qc7 40. Bxb5 Qc3+ 41. Qd3 Qc5 42. Re3 Re6 43. e5 Qa3 44. Rxe6 fxe6 45. Qxg6 Qc1 46. Bd3 Qxe3+ 47. Kh4 Rf5 48. gxf5 Qxf4+ 49. Kh5 Qxe5 50. Qe8+ Kh7 51. Qxe6 Qc5 52. Bc4 Qf8 53. Bb5 Qd8 54. Qg6+ Kh8 55. Qe8+ 1-0

[Event "WJCC U20 Girls 2019"]
[Site "New Delhi"]
[Date "2019.10.24"]
[Round "10.28"]
[White "Punsalan, Vyanla M"]
[Black "Nilssen, Ellen Fredericia"]
[Result "1/2-1/2"]
[WhiteElo "1964"]
[BlackElo "2137"]
[Annotator "NA RC"]
[PlyCount "60"]
[EventDate "2019.10.15"]
[EventType "swiss"]
[EventCountry "IND"]
[SourceTitle "playchess.com"]
[Source "ChessBase"]
[SourceQuality "1"]

1. e4 c5 2. c3 e6 3. d4 d5 4. e5 Nc6 5. a3 cxd4 6. cxd4 Qb6 7. Nf3 Nge7 8. Nc3 Nf5 9. Na4 Qd8 10. b4 Be7 11. h4 Bd7 12. Nc5 b6 13. Nxd7 Qxd7 14. Bb5 a6 15. Ba4 h5 16. Bc2 Rc8 17. Be3 Na7 18. Bxf5 exf5 19. O-O Nb5 20. Bg5 Nc7 21. Qd3 Bxg5 22. Nxg5 O-O 23. Rfe1 Rfe8 24. Rac1 g6 25. f3 Qb5 26. Qd2 Qd7 27. Qd3 Qb5 28. Qd2 Qd7 29. Qd3 Qb5 30. Qd2 Qd7 1/2-1/2

[Event "WJCC U20 Girls 2019"]
[Site "New Delhi"]
[Date "2019.10.24"]
[Round "10.29"]
[White "Ferkova, Dominika"]
[Black "Dahampriya, H K T Dewnethmie"]
[Result "1-0"]
[WhiteElo "2096"]
[BlackElo "1629"]
[Annotator "NA"]
[PlyCount "115"]
[EventDate "2019.10.15"]
[EventType "swiss"]
[EventCountry "IND"]
[SourceTitle "playchess.com"]
[Source "ChessBase"]
[SourceQuality "1"]

1. d4 Nf6 2. c4 g6 3. Nc3 d6 4. e4 Bg7 5. f3 O-O 6. Be3 e5 7. d5 a5 8. Qd2 Nfd7 9. Nge2 f5 10. Bg5 Qe8 11. Nb5 Na6 12. Qxa5 fxe4 13. fxe4 b6 14. Qd2 Nf6 15. Ng3 Ng4 16. h3 Nf6 17. Be2 Qd7 18. O-O Nc5 19. Nc3 Bb7 20. b4 Na6 21. Qb2 Rab8 22. a4 Bc8 23. Rfb1 Qe8 24. Qc2 Ra8 25. Qd2 Qf7 26. Be3 Nb8 27. c5 bxc5 28. bxc5 Nbd7 29. cxd6 cxd6 30. Nb5 Ne8 31. Qb4 Qe7 32. a5 Ba6 33. Nc3 Nc7 34. Qa4 Qh4 35. Kh2 Nf6 36. Bf3 Bc8 37. Qd1 h5 38. Qc1 Nh7 39. Qd1 Nf6 40. Qd2 Nh7 41. Rf1 Bf6 42. Qe1 Bg5 43. Nh1 Bf4+ 44. Bxf4 Rxf4 45. Qxh4 Rxh4 46. Nf2 Rf4 47. Nd3 Rf8 48. Nb4 Na6 49. Nc6 Bd7 50. Be2 Rxf1 51. Bxf1 Nc5 52. Nb5 Nxe4 53. Nc7 Bxc6 54. dxc6 Ra7 55. Nb5 Ra8 56. c7 Nf8 57. Rc1 Rc8 58. Na7 1-0

[Event "WJCC U20 Girls 2019"]
[Site "New Delhi"]
[Date "2019.10.24"]
[Round "10.30"]
[White "Srimathi R"]
[Black "Kairbekova, Amina"]
[Result "0-1"]
[WhiteElo "1914"]
[BlackElo "2096"]
[Annotator "NA RC"]
[PlyCount "88"]
[EventDate "2019.10.15"]
[EventType "swiss"]
[EventCountry "IND"]
[SourceTitle "playchess.com"]
[Source "ChessBase"]
[SourceQuality "1"]

1. e4 c5 2. Nf3 e6 3. d4 cxd4 4. Nxd4 Nc6 5. c4 Nf6 6. Nc3 Bb4 7. Nxc6 bxc6 8. Bd3 d5 9. exd5 exd5 10. O-O O-O 11. Bg5 h6 12. Bh4 Be6 13. cxd5 cxd5 14. Qf3 g5 15. Bg3 Bg4 16. Bc7 Bxf3 17. Bxd8 Rfxd8 18. gxf3 Bxc3 19. bxc3 Rac8 20. Rac1 Nh5 21. Rfd1 Nf4 22. Bf1 Rc5 23. Rd2 Rdc8 24. Rdc2 Kg7 25. Ba6 R8c7 26. Bf1 Ng6 27. Kg2 f5 28. Kg1 Kf6 29. h3 Ne5 30. Kg2 Nd7 31. Bd3 Ne5 32. Bf1 h5 33. Kg3 h4+ 34. Kg2 R7c6 35. Rd1 Rxc3 36. Rxc3 Rxc3 37. Rxd5 Nxf3 38. Ra5 g4 39. Rxa7 Nd2 40. hxg4 h3+ 41. Kg1 Nf3+ 42. Kh1 Rc1 43. g5+ Kg6 44. Ra6+ Kxg5 0-1

[Event "WJCC U20 Girls 2019"]
[Site "New Delhi"]
[Date "2019.10.24"]
[Round "10.31"]
[White "Mungunzul, Bat-Erdene"]
[Black "Gomez Barrera, Javiera Belen"]
[Result "1-0"]
[WhiteElo "1912"]
[BlackElo "2033"]
[Annotator "NA"]
[PlyCount "151"]
[EventDate "2019.10.15"]
[EventType "swiss"]
[EventCountry "IND"]
[SourceTitle "playchess.com"]
[Source "ChessBase"]
[SourceQuality "1"]

1. d4 Nf6 2. c4 g6 3. Nc3 Bg7 4. e4 d6 5. Nf3 O-O 6. Be2 e5 7. Be3 Qe8 8. d5 Ng4 9. Bg5 f5 10. Nd2 Nf6 11. f3 Nh5 12. Qc2 Nf4 13. Bf1 Na6 14. a3 c6 15. g3 Nh5 16. O-O-O c5 17. Bd3 f4 18. g4 Nf6 19. Bh4 Nc7 20. b4 cxb4 21. axb4 Bd7 22. Bf2 b5 23. c5 dxc5 24. Bxc5 Rf7 25. Bd6 Rc8 26. Kb2 Bf8 27. Bxf8 Qxf8 28. Qb3 Na6 29. Na2 Qd6 30. Rc1 Rff8 31. Rxc8 Rxc8 32. Rc1 Rxc1 33. Kxc1 Ne8 34. Qc3 Nac7 35. Qc5 a6 36. Nb3 Kg7 37. Na5 Qf6 38. Qf2 Nd6 39. Kb2 h6 40. Nc1 Kh7 41. Ncb3 Qe7 42. Qa7 Be8 43. Qc5 Qd8 44. Qb6 Qe7 45. Nc5 Nc8 46. Qb8 Nd6 47. h3 g5 48. Ka2 Kg6 49. Qb6 Kf7 50. Kb2 Na8 51. Qxa6 Nc7 52. Qb6 Na8 53. Qb8 Nc7 54. Nab7 Nxb7 55. Qxb7 Qd6 56. Na6 Qxa6 57. Qxc7+ Kf6 58. Qh7 Bg6 59. Qh8+ Kf7 60. Qxe5 Qb6 61. Qe6+ Qxe6 62. dxe6+ Kxe6 63. Bxb5 Ke5 64. Kc3 h5 65. Bc6 hxg4 66. hxg4 Kd6 67. Bd5 Be8 68. Kd4 Ba4 69. e5+ Kc7 70. Kc5 Be8 71. b5 Kb8 72. b6 Kc8 73. Kd6 Bg6 74. e6 Kb8 75. e7 Be8 76. Bc6 1-0

[Event "WJCC U20 Girls 2019"]
[Site "New Delhi"]
[Date "2019.10.24"]
[Round "10.32"]
[White "Savitha Shri B"]
[Black "Mirza, Diana"]
[Result "1-0"]
[WhiteElo "1916"]
[BlackElo "1986"]
[Annotator "NA RC"]
[PlyCount "63"]
[EventDate "2019.10.15"]
[EventType "swiss"]
[EventCountry "IND"]
[SourceTitle "playchess.com"]
[Source "ChessBase"]
[SourceQuality "1"]

1. e4 d5 2. exd5 Qxd5 3. Nc3 Qd8 4. Nf3 Bg4 5. d4 c6 6. Be3 Nf6 7. Be2 e6 8. O-O Be7 9. h3 Bxf3 10. Bxf3 Nbd7 11. Qe2 O-O 12. Rad1 Nb6 13. Bf4 Nbd5 14. Nxd5 Nxd5 15. Bg3 Qa5 16. c4 Nf6 17. a3 Rfd8 18. Rd3 Rd7 19. Rfd1 Qd8 20. Qc2 Ne8 21. d5 cxd5 22. cxd5 Rc8 23. Qb3 e5 24. Bg4 Nf6 25. Bxd7 Nxd7 26. Rc3 Rb8 27. d6 Bf6 28. Rc7 g6 29. Rxb7 Rc8 30. Rxa7 Rb8 31. Rb7 Rc8 32. a4 1-0

[Event "WJCC U20 Girls 2019"]
[Site "New Delhi"]
[Date "2019.10.24"]
[Round "10.33"]
[White "Ananya, Suresh"]
[Black "Jain Nityata"]
[Result "1/2-1/2"]
[WhiteElo "1896"]
[BlackElo "2029"]
[Annotator "NA"]
[PlyCount "122"]
[EventDate "2019.10.15"]
[EventType "swiss"]
[EventCountry "IND"]
[SourceTitle "playchess.com"]
[Source "ChessBase"]
[SourceQuality "1"]

1. e4 c6 2. d4 d5 3. Nd2 dxe4 4. Nxe4 Bf5 5. Ng3 Bg6 6. h4 h6 7. h5 Bh7 8. Nf3 Nd7 9. Bd3 Bxd3 10. Qxd3 e6 11. Bd2 Ngf6 12. Ne4 Nxe4 13. Qxe4 Nf6 14. Qe2 Qd5 15. c4 Qe4 16. Qxe4 Nxe4 17. Be3 Bb4+ 18. Ke2 O-O 19. Ne5 Rad8 20. Rh4 Nf6 21. g4 Be7 22. Rhh1 Ne4 23. Rhg1 Bf6 24. f4 Bxe5 25. dxe5 Rd7 26. g5 hxg5 27. fxg5 b6 28. Rg4 Nc5 29. g6 fxg6 30. Rxg6 Rf5 31. h6 Rff7 32. Bxc5 bxc5 33. Rag1 Rde7 34. Rf6 Kh7 35. hxg7 Rxg7 36. Rxg7+ Rxg7 37. Rxe6 Rg2+ 38. Kd3 Rxb2 39. Rxc6 Rxa2 40. Rxc5 Kg6 41. Ke4 Re2+ 42. Kd5 Kf5 43. Kd6 Re4 44. Rc7 Rd4+ 45. Kc5 Rd8 46. Rxa7 Kxe5 47. Re7+ Kf6 48. Re4 Kf5 49. Rd4 Rc8+ 50. Kb6 Ke5 51. Rd5+ Ke4 52. Rc5 Rb8+ 53. Kc7 Rb2 54. Rc6 Kd4 55. Kd6 Rc2 56. c5 Rh2 57. Rc8 Rh6+ 58. Kd7 Kd5 59. Rc7 Rh7+ 60. Kc8 Rxc7+ 61. Kxc7 Kxc5 1/2-1/2

[Event "WJCC U20 Girls 2019"]
[Site "New Delhi"]
[Date "2019.10.24"]
[Round "10.34"]
[White "Salimova, Nurgyul"]
[Black "Vlkova, Anezka"]
[Result "1-0"]
[WhiteElo "2415"]
[BlackElo "1972"]
[Annotator "TA"]
[PlyCount "67"]
[EventDate "2019.10.15"]
[EventType "swiss"]
[EventCountry "IND"]
[SourceTitle "playchess.com"]
[Source "ChessBase"]
[SourceQuality "1"]

1. e4 e6 2. d4 d5 3. Nc3 Bb4 4. e5 c5 5. a3 Ba5 6. b4 cxd4 7. Nb5 Bc7 8. f4 Bd7 9. Nf3 a6 10. Nbxd4 Ba4 11. f5 Bxe5 12. fxe6 fxe6 13. Nxe5 Qh4+ 14. g3 Qe4+ 15. Kf2 Qxe5 16. Bf4 Qf6 17. Bh3 g5 18. Re1 Bd7 19. Qh5+ Qg6 20. Qxg5 Nf6 21. Qxg6+ hxg6 22. Bxe6 Ne4+ 23. Kg1 Bxe6 24. Nxe6 Kd7 25. Nc7 g5 26. Be5 Nc6 27. Bxh8 Kxc7 28. Bb2 Nd2 29. Red1 Nc4 30. Bf6 Ne3 31. Rd3 Re8 32. Re1 d4 33. Bxd4 Nxd4 34. Rxd4 1-0